The nineteen tragedies and fragments of Euripides : Translated by Michael Wodhull, Esq; In four volumes. ...

Bibliographic Details
Main Author: Euripides
Format: eBook
Language:English
Series:Eighteenth century collections online.
Online Access:Full text online

MARC

Tag First Indicator Second Indicator Subfields
LEADER 00000cam a2200000 4500
001 in00001908403
006 m | d |
007 cr |n||||||||n
008 831012s1782 enk|||| s 00| ||eng d
005 20260407191309.5
035 |a (CStRLIN)ESTCT145697 
040 |a Uk-ES  |c Uk-ES  |d CStRLIN  |d Thomson Gale  |d UtOrBLW 
100 0 |a Euripides. 
243 1 0 |a Works.  |l English 
245 1 4 |a The nineteen tragedies and fragments of Euripides :  |b Translated by Michael Wodhull, Esq; In four volumes. ... 
264 3 |a London :  |b printed by John Nichols: and sold by Thomas Payne and Son,  |c 1782. 
300 |a 4 volumes ;  |c 8⁰. 
336 |a text  |b txt  |2 rdacontent 
337 |a computer  |b c  |2 rdamedia 
338 |a online resource  |b cr  |2 rdacarrier 
500 |a Reproduction of original from the British Library. 
510 4 |a English Short Title Catalog,  |c ESTCT145697. 
533 |a Electronic reproduction.  |b Farmington Hills, Mich. :  |c Thomson Gale,  |d 2003.  |n Available via the World Wide Web.  |n Access limited by licensing agreements  |7 s2003 miunns 
500 |a Electronic resource. 
830 0 |a Eighteenth century collections online. 
856 4 0 |u http://proxy.library.tamu.edu/login?url=https://galenet.galegroup.com/servlet/ECCO?c=1&stp=Author&ste=11&af=BN&ae=T145697&tiPG=1&dd=0&dc=flc&docNum=CW116663416&vrsn=1.0&srchtp=a&d4=0.33&n=10&SU=0LRK&locID=txshracd2898  |z Full text online  |t 0 
999 |a MARS 
999 f f |s 3262fccd-08bc-3a20-a4e1-eb1219c407d4  |i 3e3a1754-8397-33c1-95a8-3015cef3a050  |t 0 
952 f f |a Texas A&M University  |b College Station  |c Electronic Resources  |s www_evans  |d Available Online  |t 0  |h No information provided 
998 f f |t 0  |l Available Online